| 000 -CABECERA |
| fixed length control field |
01294nam a22002537i 4500 |
| 003 - IDENTIFICADOR DEL NÚMERO DE CONTROL |
| control field |
AR-CdUCM |
| 008 - DATOS DE LONGITUD FIJA--INFORMACIÓN GENERAL |
| fixed length control field |
250904b20242024 pe||||| |||| 00| 0 spa d |
| 040 ## - FUENTE DE LA CATALOGACIÓN |
| Agencia/entidad que catalogó originalmente la obra |
MUNICIPALIDAD PROVINCIAL DEL CUSCO |
| Entidad que transcribió la catalogación |
BIBLIOTECA MUNICIPAL DEL CUSCO |
| 082 ## - NÚMERO DE LA CLASIFICACIÓN DECIMAL DEWEY |
| No. de Clasificación |
985.613 / Q75 |
| Notacion interna |
Q75 |
| 110 ## - ENTRADA PRINCIPAL--NOMBRE DE ENTIDAD CORPORATIVA |
| Nombre de la institución, jurisdicción como entrada principal |
Municipalidad provincial de Quispicanchi |
| 9 (RLIN) |
51495 |
| 245 ## - MENCIÓN DE TÍTULO |
| Título |
Introducción a la historia de la provincia de Quispicanchi - Historia y tradición : |
| Resto del título |
Colección Bicentenario de la Provincia de Quispicanchi / |
| 300 ## - DESCRIPCIÓN FÍSICA |
| Nº de Páginas Extensión |
163 páginas. : |
| Otros detalles físicos |
Ilustraciones |
| Dimensiones |
21x15 cm. |
| 500 ## - NOTA GENERAL |
| Bibliografía |
Páginas: 150-160 |
| 505 ## - NOTA DE CONTENIDO CON FORMATO |
| Nota de contenido formateada |
Primeros habit6antes de Quispicanchi -- La presencia de Wari -- Las etnias de Quispicanchi -- Presencia inka -- Los curatos y sus y sus iglesias -- Haciendas y obrajes -- Los Tupac Amaru en Quispicanchi -- Creacion de la provincia de Quispicanchi -- Las cooperativas |
| 650 ## - PUNTO DE ACCESO ADICIONAL DE MATERIA--TÉRMINO DE MATERIA |
| Descriptor |
Primeros habitantes de Calca |
| 9 (RLIN) |
51496 |
| 650 ## - PUNTO DE ACCESO ADICIONAL DE MATERIA--TÉRMINO DE MATERIA |
| Descriptor |
Presencia inka |
| 9 (RLIN) |
51497 |
| 650 ## - PUNTO DE ACCESO ADICIONAL DE MATERIA--TÉRMINO DE MATERIA |
| Descriptor |
Iglesias |
| 9 (RLIN) |
3380 |
| 650 ## - PUNTO DE ACCESO ADICIONAL DE MATERIA--TÉRMINO DE MATERIA |
| Descriptor |
Curatos |
| 9 (RLIN) |
24995 |
| 650 ## - PUNTO DE ACCESO ADICIONAL DE MATERIA--TÉRMINO DE MATERIA |
| Descriptor |
Luchas campesinas |
| 9 (RLIN) |
51498 |
| 650 ## - PUNTO DE ACCESO ADICIONAL DE MATERIA--TÉRMINO DE MATERIA |
| Descriptor |
Cambios sociales |
| 9 (RLIN) |
4340 |
| 942 ## - ELEMENTOS DE PUNTO DE ACCESO ADICIONAL (KOHA) |
| Fuente de clasificación |
|
| Tipo de item |
Libros-BMC |
| 945 ## - PROCESAMIENTO DE INFORMACIÓN LOCAL (OCLC) |
| Catalogador |
pbjr |
| AAAA-MM-DD - Fecha de ingreso o modificacion |
4-09-2025 |